00805nam a2200217 a 450000100060000000300080000600500170001400800410003102000150007203500190008704000260010604100080013208200240014011000690016424501460023326000490037930000350042850400500046365000370051370000370055059761BD-RjUL20211209080751.0161227s1976 bg a|||| |||| 001 0deng d c: Tk.25.00 a(BD-RjUL)59885 aBD-RjULbengcBD-RjUL aeng 223a910.3bRAS 1976 aBangladesh.bMinistry of Cabinet Affairs. Establishment Division10aBangladesh District Gazetteers Rajshahi /cBangladesh. Ministry of Cabinet Affairs Establishment Division ; General editor Ashraf Siddiquiui aDacca :bBangladesh Government Press,c1976. aiii.,v, 419p. :bill.;c25 cm. aIncludes Bibliographical References and Index aBangladeshzRajshahivGazetteers aSiddiqui, Ashraf, General Editor